Люди и боги: романы; Император Яяти

Մատենագիտական մանրամասներ
Հիմնական հեղինակ: Бондопаддхай Т. Тарашонкор
Այլ հեղինակներ: Алексеева Е. А. (переводчик)
Լեզու:ռուսերեն
Հրապարակվել է: Москва, Художественная литература, 1991
Copublished:В.-С. Кхандекар. Император Яяти
Շարք:Библиотека индийской литературы
Խորագրեր:
Ձևաչափ: Գիրք
KOHA link:https://koha.lib.tpu.ru/cgi-bin/koha/opac-detail.pl?biblionumber=158536

MARC

LEADER 00000nam0a2200000 4500
001 158536
005 20231031154446.0
010 |a 5280014311 
020 |a RU  |b 91-41477 
035 |a (RuTPU)RU\TPU\book\171944 
090 |a 158536 
100 |a 20090424d1991 m y0rusy5003 ca 
101 2 |a rus  |c ben  |c hin 
102 |a RU 
105 |a y z 000ay 
200 1 |a Люди и боги  |e романы  |f Т. Бондопаддхай  |g пер. с бенгал. Е. А. Алексеева 
210 |a Москва  |c Художественная литература  |d 1991 
215 |a 526 с.  |d 21 см 
225 1 |a Библиотека индийской литературы 
423 |t Император Яяти  |o роман  |o пер. с хинди  |f В.-С. Кхандекар  |a Кхандекар, Вишна-Сакарама 
610 1 |a индийская литература 
610 1 |a романы 
675 |a 891.4  |z rus 
700 1 |a Бондопаддхай  |b Т.  |g Тарашонкор  |4 070 
702 1 |a Алексеева  |b Е. А.  |4 730 
801 0 |a RU  |b RuMRKP  |c 19950417  |g psbo 
801 1 |a RU  |b 63413507  |c 20090424  |g PSBO 
801 2 |a RU  |b 63413507  |c 20090630  |g PSBO 
942 |c BK